000 00426nam a2200181Ia 4500
005 20250423095600.0
008 250422s9999 xx 000 0 und d
020 _a0-563-51942-8
050 _aHV 28 .L83/
100 _aLucas, Bill
245 0 _aHappy families : how to make one, how to keep one
260 _aEssex
260 _bBBC Active
260 _c2006
300 _a218 p
650 _aEducation
942 _cBK
999 _c30714
_d30714